000 01821nam a2200277 a 4500
008 060316s1981 ||||||||||||||||| || u
020 _a0070487138
050 _aTK 7888.3 Pas
100 _aPasahow, Edward
245 1 0 _aMicroprocessors and microcomputers, for electronics technicians
250 _aEdward J.
260 _aNew York
_bMcGraw-Hill
_c1981
300 _aviii, 264 p. : ill.
350 _a0.00
650 _aMICROPROCESSORS
650 0 _aELECTRONICS
650 _aMICROCOMPUTERS
995 _aMAIN LIBRARY OPEN ACCESS
_D0.00
_e726421
_FCBU-MAIN LIBRARY (Kitwe)
_H5
_I17.75
_jTK 7888.3 Pas
_UAVAILABLE
_y017107
_ZMain Library Open Access Collection
995 _aBINDERY (DAMAGED)
_D0.00
_e713702
_FCBU-MAIN LIBRARY (Kitwe)
_H1
_I0.00
_jTK 7888.3 Pas
_M9
_UDAMAGED
_WJun 8, 2009
_y713702
_ZMain Library Open Access Collection
995 _aBINDERY (DAMAGED)
_D0.00
_e710301
_FCBU-MAIN LIBRARY (Kitwe)
_H1
_I0.00
_jTK 7888.3 Pas
_M11
_UDAMAGED
_WJun 8, 2009
_y710301
_ZMain Library Open Access Collection
995 _aMAIN LIBRARY OPEN ACCESS
_D0.00
_e710303
_FCBU-MAIN LIBRARY (Kitwe)
_H7
_I17.75
_jTK 7888.3 Pas
_UAVAILABLE
_y026906
_ZMain Library Open Access Collection
995 _aMAIN LIBRARY OPEN ACCESS
_D0.00
_e713703
_FCBU-MAIN LIBRARY (Kitwe)
_H3
_I17.75
_jTK 7888.3 Pas
_UAVAILABLE
_y017106
_ZMain Library Open Access Collection
995 _aBINDERY (DAMAGED)
_D0.00
_e713704
_FCBU-MAIN LIBRARY (Kitwe)
_H1
_I0.00
_jTK 7888.3 Pas
_M10
_UDAMAGED
_WJun 8, 2009
_y713704
_ZMain Library Open Access Collection
995 _aBINDERY (DAMAGED)
_D0.00
_e715802
_FCBU-MAIN LIBRARY (Kitwe)
_H1
_I0.00
_jTK 7888.3 Pas
_M12
_UDAMAGED
_WJun 8, 2009
_y715802
_ZMain Library Open Access Collection
995 _aMAIN LIBRARY OPEN ACCESS
_D0.00
_e710302
_FCBU-MAIN LIBRARY (Kitwe)
_H8
_I17.75
_jTK 7888.3 Pas
_M1
_UAVAILABLE
_y017105
_ZMain Library Open Access Collection
999 _c82929
_d82929